00714cam a2200229 i 4500001000800000005001700008008004100025010001700066020001500083040001800098041000800116080001200124082001200136100000700148101000800155245008500163504005100248906004500299942001200344999001700356952011100373267001320180131045052.0751105r1973 nyu b 011 0 eng  a 73079597  a0873320433 aDLCcDLCdDLC aeng a330 PES00a330 PES a52 aEKO00aEssays in honour of Lord Robbins /cedited by Maurice Peston, and Bernard Corry. aIncludes bibliographical references and index. a7bcbccorignewd3eopcnf19gy-gencatlg 2ddccBK c41354d41354 00102udc40708PËKGa002b002cPËKGd2018-01-31l0o330 PESp002-2996811r2018-01-31w2018-01-31yBK